| 000 | 00749nam a22002173a 4500 | ||
|---|---|---|---|
| 001 | 121425 | ||
| 005 | 20230403155229.0 | ||
| 008 | 230403e201703uuxxk | |||||||0|0 eng|d | ||
| 020 | _a9780414058156 (pbk.) : | ||
| 020 | _a0414058151 (pbk.) : | ||
| 041 | _aeng | ||
| 082 | 0 | 4 | _a343.42078624 |
| 245 | 0 | 0 |
_aJCT: Major Project Sub-Contract Guide 2016. _bMPSub/G 2016 |
| 260 |
_aLondon : _bSweet & Maxwell : _b[distributor] Sweet & Maxwell Ltd : _b[distributor] Thomson Reuters : _b[distributor] Thomson Reuters : _b[distributor] Academic Marketing Services (Pty), _c2017. |
||
| 300 | _a24p. | ||
| 500 | _aPaperback. | ||
| 651 | _aUnited Kingdom | ||
| 690 |
_96230 _aConstruction management |
||
| 942 | _n0 | ||
| 999 |
_c121425 _d121425 |
||